000 00301nam a22001337a 4500
008 170829b xxu||||| |||| 00| 0 eng d
020 _a9780072923483
041 _aeng
080 _28 ED
_a070
100 _a39
101 _aMED
245 _aTHE ART OF SPEAKING
_cLUCAS.S.E
942 _2udc
_cBK
999 _c25303
_d25303